Stati con il maggior numero di fusi orari - Statistics

Statistiche generali
  • Questo quiz è stato fatto 68 volte
  • Il punteggio medio è 9 su 13
Statistiche sulle risposte
Numero di fusi orari Nazione % Corretto
11 Stati Uniti
100%
4 Brasile
98%
11 Russia
98%
6 Canada
95%
9 Australia
91%
4 Messico
74%
3 Indonesia
71%
8 Regno Unito
71%
13 Francia
69%
5 Nuova Zelanda
53%
5 Danimarca
50%
3 Cile
38%
3 Kiribati
22%
Nessun quiz corrispondente trovato
Distribuzione punteggi
Percentuale di utenti per punteggio
Percentile per numero di risposta
I tuoi punteggi nel tempo
Non hai fatto questo quiz